| 000 | 00562nam a2200229Ia 4500 | ||
|---|---|---|---|
| 003 | OSt | ||
| 005 | 20220924131534.0 | ||
| 006 | a|||||r|||| 00| 0 | ||
| 007 | ta | ||
| 008 | 220923b |||||||| |||| 00| 0 san d | ||
| 024 | _a263366 | ||
| 037 | _cTextual | ||
| 040 |
_aARTS _cARTS _bsan |
||
| 041 |
_2san _asan |
||
| 082 | _aLB, 15M2 | ||
| 245 | 0 | _aAstangahridaya | |
| 260 |
_aVaranasi _bKrishnadas Academy India _c1982 |
||
| 300 |
_a953p. _ccm. |
||
| 650 |
_aMEDICINE _94387 |
||
| 942 |
_hLB, 15M2 _cTEXL _2CC |
||
| 999 |
_c427388 _d427388 |
||